| 000 | 00560nam a22002057a 4500 | ||
|---|---|---|---|
| 003 | OSt | ||
| 005 | 20140310182906.0 | ||
| 008 | 130128t xxu||||| |||| 00| 0 eng d | ||
| 020 | _a9712326691 | ||
| 050 |
_aLB1707 _b.An561 1999 |
||
| 082 |
_aFIL 371.1 _bAn2 1999 |
||
| 245 |
_aHow to become an effective teacher and trainer _cAndres, Tomas Quintin Donato |
||
| 260 |
_aManila : _bRex Book Store, _c1999 |
||
| 300 |
_a230 p. _c 23 cm |
||
| 521 | _acollege students | ||
| 526 | _c1210L-1700L | ||
| 541 | _j1 | ||
| 562 | _e1 | ||
| 942 |
_2lcc _cBK _kFIL |
||
| 999 |
_c17153 _d17153 |
||